000 00266nam a2200097Ia 4500
008 240331s9999 xx 000 0 und d
082 _a301.01
_bASH
100 _aAshley,D
245 0 _aSociological theory :
_bclassical statements responses and reformulations
942 _cL
999 _c1052
_d1052